[Event "HUN-ch Seniors"]
[Site "Ajka"]
[Date "2009.06.27"]
[Round "8"]
[White "Czimer, Jozsef"]
[Black "Varga, Mihaly"]
[Result "1/2-1/2"]
[WhiteElo "1851"]
[BlackElo "1784"]
[PlyCount "56"]
[EventDate "2009.06.22"]
[EventType "swiss"]
[EventRounds "9"]
[EventCountry "HUN"]
[SourceTitle "EXT 2011"]
[Source "ChessBase"]
[SourceDate "2010.11.26"]
[SourceVersion "1"]
[SourceVersionDate "2010.11.26"]
[SourceQuality "1"]

1. e4 c5 2. Nf3 Nc6 3. c3 d6 4. d4 cxd4 5. cxd4 Nf6 6. Nc3 g6 7. Bc4 Bg7 8. 0-0 0-0 9. h3 a6 10. a4 h6 11. Be3 Bd7 12. d5 Ne5 13. Nxe5 dxe5 14. Qd3 Ne8 15. a5 Nd6 16. Bb6 Qe8 17. Ba2 Rc8 18. Rfc1 f5 19. f3 f4 20. b3 Kh7 21. Qd1 Qf7 22. Na4 Bxa4 23. bxa4 h5 24. Rab1 Rxc1 25. Rxc1 Rc8 26. Bc7 Qe8 27. Bb3 Qd7 28. Bb6 Ne8 1/2-1/2

[Event "Eger Tavasz op"]
[Site "Eger"]
[Date "2009.06.01"]
[Round "7"]
[White "Andrassy, Laszlo"]
[Black "Varga, Mihaly"]
[Result "0-1"]
[WhiteElo "1715"]
[BlackElo "1784"]
[PlyCount "48"]
[EventDate "2009.05.29"]
[EventType "swiss"]
[EventRounds "7"]
[EventCountry "HUN"]
[SourceTitle "EXT 2011"]
[Source "ChessBase"]
[SourceDate "2010.11.26"]
[SourceVersion "1"]
[SourceVersionDate "2010.11.26"]
[SourceQuality "1"]

1. d4 Nf6 2. Nf3 g6 3. Bf4 Bg7 4. e3 d6 5. Bd3 Bg4 6. Nbd2 Nd5 7. Bg3 Nd7 8. 0-0 Nb4 9. Bc4 0-0 10. c3 Nc6 11. Qb3 Na5 12. Qa4 Nxc4 13. Qxc4 Be6 14. d5 Nb6 15. Qb5 Bxd5 16. Rfe1 Bc6 17. Qb4 a5 18. Qh4 Nd7 19. e4 e5 20. Ng5 h6 21. Ndf3 Nf6 22. Rad1 Nh5 23. Nh3 Bf6 24. Qg4 Bd7 0-1

[Event "Eger Tavasz op"]
[Site "Eger"]
[Date "2009.05.30"]
[Round "3"]
[White "Varga, Mihaly"]
[Black "Meszaros, Andras"]
[Result "0-1"]
[WhiteElo "1784"]
[BlackElo "2332"]
[PlyCount "100"]
[EventDate "2009.05.29"]
[EventType "swiss"]
[EventRounds "7"]
[EventCountry "HUN"]
[SourceTitle "EXT 2011"]
[Source "ChessBase"]
[SourceDate "2010.11.26"]
[SourceVersion "1"]
[SourceVersionDate "2010.11.26"]
[SourceQuality "1"]

1. d4 Nf6 2. c4 c5 3. e3 g6 4. Nc3 Bg7 5. Nf3 cxd4 6. exd4 0-0 7. Be2 d5 8. 0-0 Nc6 9. b3 Bg4 10. Be3 Rc8 11. Rc1 Qa5 12. h3 Bxf3 13. Bxf3 dxc4 14. bxc4 Rfd8 15. a4 e5 16. d5 Nd4 17. Bxd4 exd4 18. Ne2 Bh6 19. Rb1 Rxc4 20. Rxb7 Qa6 21. Qb3 Rxa4 22. d6 Qc4 23. Rb1 Qxb3 24. R1xb3 Rxd6 25. Rd3 Nd7 26. Rd1 Kg7 27. Rxd7 Rxd7 28. Bc6 d3 29. Nc3 Rc4 30. Bxd7 Rxc3 31. Bb5 d2 32. Kf1 Kf6 33. g3 a5 34. f4 Rxg3 35. Rxd2 Bxf4 36. Ra2 Rxh3 37. Rxa5 Kg5 38. Bc6+ f5 39. Bg2 Re3 40. Ra7 h5 41. Kf2 h4 42. Rh7 Kg4 43. Rb7 h3 44. Bh1 Ra3 45. Rb1 Ra2+ 46. Kg1 Be3+ 47. Kf1 g5 48. Bd5 Rd2 49. Be6 Kg3 50. Bxf5 Rf2+ 0-1

[Event "HUN-ch Seniors"]
[Site "Ajka"]
[Date "2008.06.27"]
[Round "7"]
[White "Krepsz, Gabor"]
[Black "Varga, Mihaly"]
[Result "0-1"]
[WhiteElo "1793"]
[BlackElo "1834"]
[PlyCount "106"]
[EventDate "2008.06.23"]
[EventType "swiss"]
[EventRounds "9"]
[EventCountry "HUN"]
[SourceTitle "EXT 2011"]
[Source "ChessBase"]
[SourceDate "2010.11.26"]
[SourceVersion "1"]
[SourceVersionDate "2010.11.26"]
[SourceQuality "1"]

1. e4 c5 2. Nc3 Nc6 3. Nf3 d6 4. h3 g6 5. Bb5 Bd7 6. Bxc6 Bxc6 7. d4 Bg7 8. d5 Bxc3+ 9. bxc3 Bd7 10. Qd3 Qc7 11. c4 Rb8 12. Bd2 Nf6 13. Bc3 0-0 14. Bxf6 exf6 15. 0-0 b5 16. Nd2 b4 17. a4 a5 18. Kh2 f5 19. f4 fxe4 20. Qe3 f5 21. Rfe1 Qd8 22. Qg3 Qf6 23. h4 h5 24. Qg5 Qxg5 25. hxg5 Rfe8 26. Re3 Ra8 27. Nb3 Kg7 28. Kh3 h4 29. Kh2 h3 30. g3 Bc8 31. Ra2 Kf7 32. Rb2 Ke7 33. c3 Kd7 34. cxb4 cxb4 35. c5 dxc5 36. Rc2 Kd6 37. Rxc5 Bd7 38. Rc1 Bxa4 39. Rb1 Bxb3 40. Rexb3 Kxd5 41. Rc1 Rec8 42. Rd1+ Kc4 43. Rbb1 b3 44. Rd6 Rg8 45. Rc6+ Kb4 46. Rb6+ Kc4 47. R1xb3 Rad8 48. Rb2 e3 49. Rc6+ Kd4 50. Rcc2 Ke4 51. Kxh3 Kf3 52. Kh2 Rh8+ 53. Kg1 Rd1# 0-1

[Event "HUN-ch Seniors"]
[Site "Ajka"]
[Date "2008.06.26"]
[Round "5"]
[White "Varga, Mihaly"]
[Black "Baranyai, Antal"]
[Result "1/2-1/2"]
[WhiteElo "1834"]
[BlackElo "1848"]
[PlyCount "60"]
[EventDate "2008.06.23"]
[EventType "swiss"]
[EventRounds "9"]
[EventCountry "HUN"]
[SourceTitle "EXT 2011"]
[Source "ChessBase"]
[SourceDate "2010.11.26"]
[SourceVersion "1"]
[SourceVersionDate "2010.11.26"]
[SourceQuality "1"]

1. d4 d5 2. Bf4 Nf6 3. e3 c6 4. h3 Bf5 5. g4 Bg6 6. Bg2 h6 7. Ne2 Nbd7 8. Nd2 e6 9. Nf3 Bb4+ 10. c3 Ba5 11. Ne5 Nxe5 12. Bxe5 0-0 13. Nf4 Bh7 14. 0-0 Ne8 15. f3 b5 16. b4 Bb6 17. a4 bxa4 18. Rxa4 Qe7 19. Nd3 f6 20. Bg3 e5 21. Nc5 Bxc5 22. dxc5 Nc7 23. Qd2 Nb5 24. Rfa1 Rfd8 25. Bf1 Rd7 26. Ra6 d4 27. Bxb5 cxb5 28. cxd4 exd4 29. exd4 Qf7 30. Qa2 Bd3 1/2-1/2

[Event "HUN-ch Seniors"]
[Site "Ajka"]
[Date "2008.06.23"]
[Round "1"]
[White "Varga, Mihaly"]
[Black "Szabo, Ervin"]
[Result "1/2-1/2"]
[WhiteElo "1834"]
[BlackElo "2104"]
[PlyCount "20"]
[EventDate "2008.06.23"]
[EventType "swiss"]
[EventRounds "9"]
[EventCountry "HUN"]
[SourceTitle "EXT 2011"]
[Source "ChessBase"]
[SourceDate "2010.11.26"]
[SourceVersion "1"]
[SourceVersionDate "2010.11.26"]
[SourceQuality "1"]

1. d4 d5 2. c4 dxc4 3. Nc3 c6 4. a4 Bg4 5. f3 Bh5 6. e4 e6 7. Be3 Bb4 8. Bxc4 Qh4+ 9. Bf2 Qg5 10. Nge2 Qxg2 1/2-1/2

[Event "Eger Tel op"]
[Site "Eger"]
[Date "2008.01.26"]
[Round "4"]
[White "Kovacs, Tamas"]
[Black "Varga, Mihaly"]
[Result "1-0"]
[WhiteElo "2208"]
[BlackElo "1845"]
[PlyCount "73"]
[EventDate "2008.01.24"]
[EventType "swiss"]
[EventRounds "7"]
[EventCountry "HUN"]
[SourceTitle "EXT 2011"]
[Source "ChessBase"]
[SourceDate "2010.11.26"]
[SourceVersion "1"]
[SourceVersionDate "2010.11.26"]
[SourceQuality "1"]

1. d4 Nf6 2. c4 g6 3. Nc3 Bg7 4. e4 d6 5. f3 0-0 6. Bg5 Nbd7 7. Qd2 Re8 8. Nge2 e5 9. d5 a6 10. g4 Re7 11. Ng3 Qf8 12. h4 h6 13. Be3 Nh7 14. Bd3 Rb8 15. Kf2 Nc5 16. Bc2 b5 17. b4 Nd7 18. cxb5 axb5 19. Bd3 Ndf6 20. h5 g5 21. Nxb5 Qe8 22. a4 Bxg4 23. fxg4 Nxg4+ 24. Kg2 Nxe3+ 25. Qxe3 c6 26. Nxd6 Qd7 27. Ngf5 Rxb4 28. dxc6 Qe6 29. Nxe7+ Qxe7 30. Qc5 Rb2+ 31. Kg3 Bf8 32. c7 Rb3 33. Rad1 Nf6 34. c8Q Qxd6 35. Qxd6 Nxe4+ 36. Kg2 Nxd6 37. Qa6 1-0

[Event "Eger Tel op"]
[Site "Eger"]
[Date "2008.01.25"]
[Round "3"]
[White "Bojtar, Lajos"]
[Black "Varga, Mihaly"]
[Result "0-1"]
[WhiteElo "1686"]
[BlackElo "1845"]
[PlyCount "72"]
[EventDate "2008.01.24"]
[EventType "swiss"]
[EventRounds "7"]
[EventCountry "HUN"]
[SourceTitle "EXT 2011"]
[Source "ChessBase"]
[SourceDate "2010.11.26"]
[SourceVersion "1"]
[SourceVersionDate "2010.11.26"]
[SourceQuality "1"]

1. d4 Nf6 2. Nf3 g6 3. h3 Bg7 4. Bf4 d5 5. e3 Nbd7 6. b4 b6 7. a4 a6 8. c4 Bb7 9. Nc3 c6 10. Bd3 0-0 11. 0-0 Rc8 12. c5 Nh5 13. Bh2 bxc5 14. bxc5 Nxc5 15. Be5 Nxd3 16. Qxd3 Nf6 17. Rfb1 Qd7 18. a5 c5 19. Rb6 c4 20. Qc2 Ne4 21. Rab1 Ba8 22. Rxa6 f6 23. Bh2 Rfe8 24. Rbb6 e5 25. Kf1 Bc6 26. Ke2 g5 27. dxe5 fxe5 28. g4 Nc5 29. Nxg5 e4 30. f4 h6 31. Ngxe4 dxe4 32. Bg3 Nxa6 33. Rxa6 Qd3+ 34. Qxd3 cxd3+ 35. Kd2 Bxc3+ 36. Kxc3 Bb5+ 0-1

[Event "Eger Tel op"]
[Site "Eger"]
[Date "2008.01.25"]
[Round "2"]
[White "Varga, Mihaly"]
[Black "Szekeres, Sandor"]
[Result "0-1"]
[WhiteElo "1845"]
[BlackElo "2066"]
[PlyCount "72"]
[EventDate "2008.01.24"]
[EventType "swiss"]
[EventRounds "7"]
[EventCountry "HUN"]
[SourceTitle "EXT 2011"]
[Source "ChessBase"]
[SourceDate "2010.11.26"]
[SourceVersion "1"]
[SourceVersionDate "2010.11.26"]
[SourceQuality "1"]

1. d4 Nf6 2. c4 g6 3. Nc3 d6 4. e4 Bg7 5. Bd3 0-0 6. Nge2 Nc6 7. f3 e5 8. Be3 exd4 9. Nxd4 Ne5 10. Be2 a6 11. 0-0 h5 12. h3 Nh7 13. f4 Nc6 14. Nxc6 bxc6 15. Qc2 f5 16. Bd3 c5 17. Rad1 Rb8 18. b3 Qe8 19. Rfe1 Qd8 20. e5 Re8 21. exd6 cxd6 22. Bf2 Bb7 23. Be2 Qa5 24. Nd5 Bxd5 25. Rxd5 Bd4 26. Rd1 Bxf2+ 27. Kxf2 Nf6 28. R5d3 Ne4+ 29. Kf1 h4 30. Bf3 Ng3+ 31. Kf2 Rbd8 32. Bd5+ Kh7 33. Bf3 Re6 34. R1d2 Rde8 35. Rd5 Re1 36. Rxd6 Nh1# 0-1

[Event "Gyongyos Matra Cup"]
[Site "Gyongyos"]
[Date "2004.07.28"]
[Round "2"]
[White "Varga, Mihaly"]
[Black "Balog, Marton"]
[Result "0-1"]
[WhiteElo "1997"]
[BlackElo "2159"]
[PlyCount "88"]
[EventDate "2004.07.27"]
[EventType "swiss"]
[EventRounds "9"]
[EventCountry "HUN"]
[SourceTitle "EXT 2008"]
[Source "ChessBase"]
[SourceDate "2007.11.25"]
[SourceVersion "1"]
[SourceVersionDate "2007.11.25"]
[SourceQuality "1"]

1. Nf3 Nf6 2. d4 d5 3. g3 g6 4. Bg2 Bg7 5. 0-0 0-0 6. Re1 c5 7. c3 cxd4 8. cxd4 Nc6 9. Nc3 Ne4 10. e3 f5 11. Qb3 e6 12. a3 Na5 13. Qd1 Nc4 14. Ne2 Bd7 15. b3 Ncd6 16. Bb2 Rc8 17. Ne5 Bb5 18. Nf4 Re8 19. f3 Ng5 20. h4 Ngf7 21. Nfd3 Bxd3 22. Nxd3 b6 23. a4 Qc7 24. Rc1 Qb8 25. Qd2 Nb7 26. Kf2 Na5 27. Rxc8 Rxc8 28. Nc1 Qc7 29. Bf1 Bf8 30. Ba6 Bd6 31. f4 Qc2 32. Re2 Qxd2 33. Rxd2 Rc7 34. Kf3 h5 35. Bd3 Nd8 36. Rc2 Ndc6 37. Bc3 Re7 38. Bb5 Rc7 39. Bxc6 Rxc6 40. Ke2 Ba3 41. Kd3 Bxc1 42. Bxa5 Rxc2 43. Kxc2 Bxe3 44. Be1 Bxd4 0-1

[Event "Gyongyos Matra Cup"]
[Site "Gyongyos"]
[Date "2003.07.31"]
[Round "9"]
[White "Varga, Mihaly"]
[Black "Gyurkovics, Miklos"]
[Result "1/2-1/2"]
[WhiteElo "2068"]
[BlackElo "2225"]
[PlyCount "55"]
[EventDate "2003.07.22"]
[EventType "swiss"]
[EventRounds "9"]
[EventCountry "HUN"]
[SourceTitle "EXT 2005"]
[Source "ChessBase"]
[SourceDate "2004.11.15"]
[SourceVersion "1"]
[SourceVersionDate "2004.11.15"]
[SourceQuality "1"]

1. d4 g6 2. Nf3 Bg7 3. e4 d6 4. Nc3 a6 5. Be2 Nf6 6. 0-0 Nc6 7. Re1 0-0 8. h3 e5 9. d5 Ne7 10. Bf1 c6 11. a4 cxd5 12. exd5 Qa5 13. Bc4 b5 14. Bb3 b4 15. Ne4 Qc7 16. Bg5 Nxe4 17. Bxe7 Nxf2 18. Kxf2 Qxe7 19. Kg1 a5 20. Kh1 Qd8 21. Qd2 Qb6 22. Rad1 Ba6 23. Qe3 Qxe3 24. Rxe3 Bh6 25. Ree1 Rac8 26. Nd2 f5 27. Nf3 Bf4 28. h4 1/2-1/2

[Event "Gyongyos Matra Cup"]
[Site "Gyongyos"]
[Date "2003.07.23"]
[Round "2"]
[White "Lengyel, Laszlo"]
[Black "Varga, Mihaly"]
[Result "1-0"]
[WhiteElo "2202"]
[BlackElo "2068"]
[PlyCount "33"]
[EventDate "2003.07.22"]
[EventType "swiss"]
[EventRounds "9"]
[EventCountry "HUN"]
[SourceTitle "EXT 2005"]
[Source "ChessBase"]
[SourceDate "2004.11.15"]
[SourceVersion "1"]
[SourceVersionDate "2004.11.15"]
[SourceQuality "1"]

1. e4 c5 2. Nf3 Nc6 3. c3 e5 4. Bc4 Be7 5. 0-0 Nf6 6. d4 cxd4 7. cxd4 exd4 8. e5 Ng4 9. Re1 d5 10. exd6 Qxd6 11. h3 h5 12. Nc3 Nf6 13. Nb5 Qd8 14. Ng5 0-0 15. Qb3 Na5 16. Bxf7+ Kh8 17. Qd3 1-0